Statistics for Quiz Flag Of Central American Integration System

Click here to take the quiz!

General Stats

  • This quiz has been taken 7 times
  • The average score is 7 of 8

Answer Stats

Answer% Correct
Costa Rica
100%
Belize
86%
El Salvador
86%
Guatemala
86%
Honduras
86%
Panama
86%
Dominican Republic
71%
Nicaragua
71%

Score Distribution

Percentile by Number Answered

Percent of People with Each Score

Your Score History

You have not taken this quiz